000 00348 a2200169 4500
001 46289
020 _a9788508153961
040 _cAnchieta - Aquarius
100 _aIacocca, Michele
240 1 0 _aNerina
_lpor
245 1 0 _aNerina
300 _a32
362 0 _a2012
440 1 _aÁtica
650 4 _aLiteratura infanto-juvenil
942 _cBK
999 _c46289
_d46289